Jaki styl reprezentują te polskie zabytki? - Statystyki

Ogólne statystyki
  • Ten quiz został rozwiązany 17 razy
  • Średni wynik to 7 z 15
Statystyki odpowiedzi
Zagadnienie Odpowiedź % Poprawnych
Drzwi płockie romański
100%
Kaplica Wazów w Katedrze Wawelskiej barokowy
50%
Konfesja Świętego Wojciecha w Katedrze Gnieźnieńskiej barokowy
50%
Zespół ołtarzy kościoła Świętej Anny w Warszawie barokowy
50%
Freski w kaplicy Trójcy Świętej w Lublinie bizantyńsko-ruski
50%
Kaplica Ogrojcowa przy kościele Świętej Barbary w Krakowie gotycki
50%
Świątynia Sybilli w Parku Pałacowym w Puławach klasycystyczny
50%
Pomnik Mikołaja Kopernika w Warszawie klasycystyczny
50%
Hala Stulecia we Wrocławiu modernistyczny
50%
Krużganki dziedzińca zamku w Baranowie Sandomierskim renesansowy
50%
Kolumny z przedstawieniami cnót i przywar w kościele Świętej Trójcy w Strzelnie romański
50%
Mauzoleum Izraela Poznańskiego w Łodzi secesyjny z wpływami modernizmu
50%
Nagrobek Władysława III Warneńczyka (symboliczny) neogotycki
0%
Cerkiew w Białym Borze postmodernistyczny
0%
Portal bramy dziedzińca zamku w Brzegu renesansowy
0%
Nie znaleziono quizów pasujących do podanych kryteriów
Rozkład punktacji
Procent ludzi z każdym wynikiem
Percentyl według liczby udzielonych odpowiedzi
Twoja historia wyników
Nie rozwiązałeś tego quizu